| 000 | 00669nam a2200229Ia 4500 | ||
|---|---|---|---|
| 003 | OSt | ||
| 005 | 20221007062735.0 | ||
| 006 | a|||||r|||| 00| 0 | ||
| 007 | ta | ||
| 008 | 221006b |||||||| |||| 00| 0 eng d | ||
| 024 | _a15,942 | ||
| 037 | _cTextual | ||
| 040 |
_aFLL _cFLL _beng |
||
| 041 |
_2eng _aeng |
||
| 082 | _aX723v2:L50 L00, L0 | ||
| 100 |
_aSiddiqi Noman Ahmad _999968 |
||
| 245 | 0 | _aLand revenue administration under the mughals (1700-1750) | |
| 260 |
_aBombay _bAligarh Muslim University India _c1970 |
||
| 300 |
_a182p _ccm. |
||
| 942 |
_hX723v2:L50 L00, L0 _cTEXL _2CC |
||
| 999 |
_c1129415 _d1129415 |
||